| 000 | 00879nam a2200241 a 4500 | ||
|---|---|---|---|
| 001 | 56065 | ||
| 003 | BD-RjUL | ||
| 005 | 20211209080341.0 | ||
| 008 | 161126s1967 bg ||||| |||| 00| 0 ben d | ||
| 035 | _a(BD-RjUL)56189 | ||
| 040 |
_aBD-RjUL _bben _cBD-RjUL |
||
| 041 | _aben | ||
| 082 |
_223 _a891.441 _bALP 1967 |
||
| 100 |
_aআলাওল _9122752 |
||
| 245 | 1 | 0 |
_aপদ্মাবতী / _cআলাওল, সৈয়দ আলী আহসান (সম্পাদিত) |
| 250 | _a১ম সং. | ||
| 260 |
_aঢাকা : _bস্টুডেন্ট ওয়েজ, _c১৯৬৭ |
||
| 300 |
_a[১০১], ৭৫৫ পৃ. ; _c১৮ সেমি. |
||
| 650 |
_aবাংলা কবিতা _9118883 |
||
| 650 |
_aBengali Poetry _9116594 |
||
| 700 |
_aআহসান, সৈয়দ আলী (সম্পাদিত) _9127950 |
||
| 942 |
_2ddc _cBK |
||
| 999 |
_c56065 _d56065 |
||